忘憂谷

資料類型: Book 圖書   書目號:28385

Leader xxxxxxxxxx
001 __ PCLIS00028385
005 __ 20020103151754.54
010 0_ |a957-6630061|b平裝|dNT$150
020 __ |acw|b82005151
100 __ |a20020103d2002        0chib0109    e
101 0_ |achi
102 __ |acw
105 __ |aa   z   000yy
200 1_ |a忘憂谷|e|f涵著|g
205 __ |a初版
210 __ |a臺北市|c文經社|d1986[民75]
215 0_ |a182面|c圖, 表|d21公分
225 1_ |a|v
681 __ |a855|b
700 __ |a文經|b|4出版
801 __ |acw|b本館|c20020103
詳細館藏(共 1 筆)
索 書 號登 錄 號冊次號館別 / 館藏地流通類型狀態加入預約清單電子資源
855 / 8663 1012691  圖書館 / 一樓普通區 可外借30天 在館   

| 條列資料




目錄查詢 分類查詢 個人資料 圖書薦購 新書查詢 閉館日 排行榜 更多電子資源 Hami書城 線上資料庫 登出

From : 216.73.216.116

  本日流通累計至 12:53:06 借閱 : 6 次 續借 : 0 次 歸還 : 9 次 預約 : 0 次 電子資源 : 0 次


內湖高中圖書館  PCLIS 版本  25.5.0.2